| 000 | 00623nam a2200253Ia 4500 | ||
|---|---|---|---|
| 008 | 171120s9999 xx 000 0 und d | ||
| 020 | _a7107147765 | ||
| 050 | _a371.2 | ||
| 050 | _bX6 2001 | ||
| 100 | _aXiao, Zongliu | ||
| 245 | _aXuexiao Guanlixue / | ||
| 245 | _cby Zongliu Xiao. | ||
| 260 | _aBeijing : | ||
| 260 | _bHai jun chu ban she, | ||
| 260 | _c1988 | ||
| 300 | _a577 pages : | ||
| 300 | _billustrations ; | ||
| 300 | _c21cm. | ||
| 650 | _aChina. | ||
| 650 | _aSchool management and organization -- | ||
| 650 | _aSchool management and organization. | ||
| 650 | _xChina. | ||
| 700 | _aTitle. | ||
| 999 |
_c345065 _d345065 |
||